Rubāʻīlar /
Saved in:
| Main Author: | |
|---|---|
| Other Authors: | |
| Format: | Book |
| Language: | Azerbaijani Persian |
| Published: |
Bākū :
"Yazıçı" Naşrīyātı,
1982.
|
| Tags: |
Add Tag
No Tags, Be the first to tag this record!
|
| LEADER | 00925nam a2200241 a 4500 | ||
|---|---|---|---|
| 001 | 007719528-0 | ||
| 005 | 20020606104010.5 | ||
| 008 | 980226s1982 aj ac 000|0 azerd | ||
| 035 | 0 | |a ocm38565160 | |
| 041 | 1 | |a aze |h per | |
| 090 | |a PK6495.K35 |b R8 1982x | ||
| 100 | 1 | |a Khāqānī, Afz̤al al-Dīn Shirvānī, |d approximately 1126-1198 or 1199. | |
| 245 | 1 | 0 | |a Rubāʻīlar / |c Khāqānī Shirvānī ; [tarjumah va muqaddimah, Muḥammad Āqā Sulṭānzādah]. |
| 246 | 1 | |i Title in Azerbaijani (Cyrillic) colophon, p. [105]: |a Ru̇bailăr | |
| 246 | 1 | |i Title in Russian colophon, p. [106]: |a Rubai | |
| 260 | |a Bākū : |b "Yazıçı" Naşrīyātı, |c 1982. | ||
| 300 | |a xviii, 103, [2] p. : |b col. ill. ; |c 15 cm. | ||
| 500 | |a Poems. | ||
| 546 | |a In Azerbaijani |b (Arabic script; colophons in Cyrillic); translation from Persian. | ||
| 700 | 1 | |a Sultanov, Mămmădaga. | |
| 752 | |a Azerbaijan |d Baku. | ||
| 988 | |a 20020608 | ||
| 906 | |0 MH | ||


